000 00285nam a2200121Ia 4500
008 191201s2014 xx 000 0 und d
100 _aSUBRAMANYA, K
245 0 _aEngineering Hydrology
260 _aN. delhi
_bTMH
_c2014
300 _a534
650 _aB.Tech(CE)
942 _2ddc
_cBK
_026
999 _c6319
_d6319